00350pab a2200133 454500008004000000100001900040245005100059260000900110300001200119362000800131650002300139700002300162773003100185180718b2005 xxu||||| |||| 00| 0 eng d aHenrie, Morgan aProject management: a cultural literary review c2005 ap.5-14. aJun aProject management aSousa-Poza, Andres aProject Management Journal